| 000 | 01447nam a2200289Ia 4500 | ||
|---|---|---|---|
| 999 |
_c40561 _d40561 |
||
| 001 | 7185 | ||
| 003 | GE_BSU | ||
| 005 | 20230906171644.0 | ||
| 008 | 181216s2012||||ge |||||||||||||| ||geo|| | ||
| 020 | _a9789941198311 | ||
| 040 | _cGE_BSU | ||
| 041 | _ageo | ||
| 080 | _a821.111-31 გ-63 | ||
| 100 |
_aგოლზოურთი, ჯონ _911767 |
||
| 245 |
_aფორსაიტების საგა : ტ.1 : _bრომანი / _cჯონ მაღრაძე ; ვახტანგ ჭილაძისა და დათო აკრიანის თარგმანი ; რედ.ელენე სალარიძე. |
||
| 264 |
_aთბილისი : _bპალიტრა L, _c2012. |
||
| 300 |
_a578 გვ. ; _c22 სმ. |
||
| 490 |
_aწიგნი, რომელიც უნდა წაიკითხო,სანამ ცოცხალი ხარ _vწ.44 _xISSN:1987-9628 |
||
| 541 | _h10ლ. | ||
| 653 | _aრომანი | ||
| 653 | _aფორსაიტების საგა | ||
| 700 |
_aმაღრაძე, ელგუჯა _eმთარგმნელი _919780 |
||
| 700 |
_aჭილაძე, ვახტანგ _eმთარგმნელი _911769 |
||
| 700 |
_aაკრიანი, დათო _eმთარგმნელი _919781 |
||
| 700 |
_aსალარიძე, ელენე _eრედაქტორი _95199 |
||
| 942 |
_cBK _2udc |
||